Normal view
MARC view
- حوارالبخيت، محمد عابد... وآخرون
Entry Personal Name
001 - CONTROL NUMBER
- control field: 46310
003 - CONTROL NUMBER IDENTIFIER
- control field: JO-AjAnu
005 - DATE AND TIME OF LATEST TRANSACTION
- control field: 20230606081644.0
008 - FIXED-LENGTH DATA ELEMENTS
- fixed length control field: 230606|| aca||aabn | a|a d
040 ## - CATALOGING SOURCE
- Original cataloging agency: JO-AjAnu
- Transcribing agency: JO-AjAnu
100 ## - HEADING--PERSONAL NAME
- Personal name: حوارالبخيت، محمد عابد... وآخرون
670 ## - SOURCE DATA FOUND
- Source citation: Work cat.: (JO-AjAnu)23704: حوارالبخيت، محمد عابد... وآخرون, author, المشروع النهضوي العربي: حوار الشهر"4" مع المفكر الدكتور محمد عابد الجابري